[Event "GER-ch U10"]
[Site "Willingen"]
[Date "2023.05.28"]
[Round "2"]
[White "Moskalenko, Michael"]
[Black "Lange, Fynn Jeremy"]
[Result "0-1"]
[WhiteElo "1243"]
[BlackElo "1616"]
[PlyCount "110"]
[EventDate "2023.05.27"]
[EventType "swiss"]
[EventRounds "11"]
[EventCountry "GER"]
[SourceTitle "CBM 214 Extra"]
[Source "ChessBase"]
[SourceDate "2023.07.31"]
[SourceVersion "1"]
[SourceVersionDate "2023.07.31"]
[SourceQuality "1"]

1. d4 d5 2. c4 e6 3. Nf3 Nf6 4. Nc3 Be7 5. Bg5 h6 6. Bh4 0-0 7. e3 b6 8. Bd3 Bb7 9. 0-0 Nbd7 10. cxd5 Nxd5 11. Bxe7 Qxe7 12. Nxd5 Bxd5 13. a3 c5 14. Qe2 Rad8 15. Bc4 Bxf3 16. Qxf3 cxd4 17. exd4 Nf6 18. Rad1 Nd5 19. Rfe1 Qc7 20. Bxd5 Rxd5 21. Qc3 Qd7 22. Rd3 Rd8 23. Red1 e5 24. h3 exd4 25. Qd2 Qd6 26. g3 Qe6 27. Kh2 Rh5 28. h4 Rhd5 29. Qf4 g5 30. hxg5 hxg5 31. Qd2 Kg7 32. Kg2 Qe4+ 33. f3 Qe6 34. Qf2 Rh8 35. Rh1 Rxh1 36. Kxh1 Qh3+ 37. Kg1 Kg6 38. g4 Rc5 39. Rd1 d3 40. Qe3 Qg3+ 41. Kh1 d2 42. Qxd2 Qxf3+ 43. Kh2 Qxg4 44. Qd6+ Kg7 45. Qd4+ Qxd4 46. Rxd4 Rc2+ 47. Kg3 Rxb2 48. Ra4 a5 49. Kg4 Kg6 50. Rd4 f5+ 51. Kf3 Rb3+ 52. Kg2 Kh5 53. a4 Rb4 54. Rd6 Kg4 55. Rd2 Rxa4 0-1

[Event "GER-ch U10"]
[Site "Willingen"]
[Date "2022.06.08"]
[Round "6"]
[White "Vu, Khoi Nguyen"]
[Black "Moskalenko, Michael"]
[Result "0-1"]
[WhiteElo "1627"]
[BlackElo "1266"]
[PlyCount "96"]
[EventDate "2022.06.04"]
[EventType "swiss"]
[EventRounds "11"]
[EventCountry "GER"]
[SourceTitle "CBM 208 Extra"]
[Source "ChessBase"]
[SourceDate "2022.07.31"]
[SourceVersion "1"]
[SourceVersionDate "2022.07.31"]
[SourceQuality "1"]

1. e4 c6 2. d4 d5 3. exd5 cxd5 4. Bd3 Nf6 5. Bf4 Nc6 6. Nf3 Bg4 7. Nbd2 Nxd4 8. h3 Nxf3+ 9. Nxf3 Bd7 10. 0-0 e6 11. Ne5 Bc5 12. Bg5 Be7 13. Qe2 0-0 14. h4 h6 15. Bd2 Bd6 16. Nxd7 Nxd7 17. g3 Ne5 18. Bc3 Nxd3 19. Qxd3 Bc5 20. b4 Bb6 21. a4 Bc7 22. Rad1 Rc8 23. Qd4 f6 24. Rfe1 Be5 25. Rxe5 fxe5 26. Qxe5 Qf6 27. Qxf6 gxf6 28. Bd4 a6 29. Bc5 Rfe8 30. a5 Rcd8 31. Kf1 Kf7 32. Ke2 h5 33. Ke3 e5 34. Kd3 Rg8 35. Ke3 Rg4 36. Kd3 Ke6 37. Rb1 Rc8 38. Re1 Rc4 39. Re2 Rg8 40. Re1 Rgg4 41. c3 Kf5 42. Rg1 Rg6 43. Rb1 Ke6 44. Re1 Rgg4 45. Re2 f5 46. Bd4 Re4 47. Be3 f4 48. f3 Rxe3+ 0-1

[Event "GER-ch U10"]
[Site "Willingen"]
[Date "2021.08.28"]
[Round "10"]
[White "Burban, Victor"]
[Black "Moskalenko, Michael"]
[Result "1-0"]
[WhiteElo "1215"]
[BlackElo "1220"]
[PlyCount "83"]
[EventDate "2021.08.22"]
[EventType "swiss"]
[EventRounds "11"]
[EventCountry "GER"]
[SourceTitle "EXT 2022"]
[Source "ChessBase"]
[SourceDate "2021.10.06"]
[SourceVersion "1"]
[SourceVersionDate "2021.10.06"]
[SourceQuality "1"]

1. e4 d5 2. exd5 Qxd5 3. Nc3 Qa5 4. d4 Nf6 5. Nf3 Bg4 6. h3 Bh5 7. g4 Bg6 8. Bd2 c6 9. Ne5 e6 10. Nxg6 hxg6 11. Bg2 Bd6 12. Qe2 Qc7 13. 0-0-0 Nbd7 14. Ne4 Be7 15. Qf3 Nd5 16. Nc3 Nxc3 17. Qxc3 0-0-0 18. Be3 Nb6 19. Qd2 Nd5 20. Bxd5 Rxd5 21. Bf4 Bd6 22. Bxd6 Qxd6 23. Qe3 Rd8 24. c3 c5 25. Qf3 f6 26. dxc5 Rxd1+ 27. Rxd1 Qxc5 28. Rxd8+ Kxd8 29. Qd3+ Qd5 30. Qxd5+ exd5 31. Kd2 Kd7 32. Kd3 Kd6 33. Kd4 b5 34. b4 g5 35. f3 g6 36. a3 a6 37. Kd3 Ke5 38. Ke3 f5 39. gxf5 gxf5 40. f4+ Kf6 41. fxg5+ Kxg5 42. Kf3 1-0